Asmara International Airport Destinations (Asmara, Eritrea) - Statistics

General Stats
  • This quiz has been taken 71 times
    55 since last reset
  • The average score is 5 of 5
Answer Stats
Airline Destination % Correct
Ethiopian Airlines Addis Ababa
100%
Egyptair Cairo
100%
Turkish Airlines Istanbul
98%
flydubai Dubai (International)
95%
flynas Jeddah
58%
No matching quizzes found
Score Distribution
Percent of People with Each Score
Percentile by Number Answered
Your Score History
You have not taken this quiz since the last reset